TRENDY FASHION ILLUSTRATORS (Record no. 24663)

MARC details
000 -LEADER
fixed length control field 00277nam a22001337a 4500
003 - CONTROL NUMBER IDENTIFIER
control field SGT
020 ## - INTERNATIONAL STANDARD BOOK NUMBER
International Standard Book Number 9788496823105
082 ## - DEWEY DECIMAL CLASSIFICATION NUMBER
Classification number 746.92
Item number MON
100 ## - MAIN ENTRY--PERSONAL NAME
Personal name MONSA
245 ## - TITLE STATEMENT
Title TRENDY FASHION ILLUSTRATORS
260 ## - PUBLICATION, DISTRIBUTION, ETC. (IMPRINT)
Place of publication, distribution, etc BACELONA
Name of publisher, distributor, etc NONSA
Year of Publication 2010
300 ## - PAGE DESCRIPTION
No. of Pages 255
942 ## - ADDED ENTRY ELEMENTS (KOHA)
Source of classification or shelving scheme Dewey Decimal Classification
Koha item type Books
Holdings
Withdrawn status Lost status Source of classification or shelving scheme Damaged status Not for loan Home library Current library Shelving location Date acquired Vendor Name Cost, normal purchase price SGTU Bill Number Total Checkouts Full call number Accession No. (Barcode) Date last seen Bill Date Koha item type
    Dewey Decimal Classification     SGT Science & Social Sciences Library SGT Science & Social Sciences Library Text Book 03/08/2023 PANKAJ PUB. 2823.94 SGTU 4726   746.92 MON FF768 03/08/2023   Books